<?xml version="1.0" encoding="UTF-8"?>
<collection xmlns="http://www.loc.gov/MARC21/slim">
<record>
  <controlfield tag="001">165479</controlfield>
  <controlfield tag="005">20260209090446.0</controlfield>
  <datafield tag="020" ind1=" " ind2=" ">
    <subfield code="a">979-13-7014-070-0</subfield>
  </datafield>
  <datafield tag="024" ind1="7" ind2=" ">
    <subfield code="2">doi</subfield>
    <subfield code="a">10.26754/uz.979-13-7014-070-0</subfield>
  </datafield>
  <datafield tag="037" ind1=" " ind2=" ">
    <subfield code="a">BOOK-2026-014</subfield>
  </datafield>
  <datafield tag="041" ind1=" " ind2=" ">
    <subfield code="a">spa</subfield>
  </datafield>
  <datafield tag="100" ind1=" " ind2=" ">
    <subfield code="a">Ibáñez Fernández, Javier (coord. y ed.)</subfield>
  </datafield>
  <datafield tag="245" ind1=" " ind2=" ">
    <subfield code="a">Diseños de tradición gótica en España y Portugal (siglos XVI-XVIII)</subfield>
  </datafield>
  <datafield tag="250" ind1=" " ind2=" ">
    <subfield code="a">1ª ed.</subfield>
  </datafield>
  <datafield tag="260" ind1=" " ind2=" ">
    <subfield code="a">Zaragoza</subfield>
    <subfield code="b">Prensas de la Universidad de Zaragoza</subfield>
    <subfield code="c">2025</subfield>
  </datafield>
  <datafield tag="300" ind1=" " ind2=" ">
    <subfield code="a">680</subfield>
  </datafield>
  <datafield tag="500" ind1=" " ind2=" ">
    <subfield code="a">Proyecto I+D “Los diseños de arquitectura en la Península Ibérica entre los siglos XV y XVI. Inventario y catalogación” (HAR2014-54281-P). Proyecto I+D “Los diseños de arquitectura de tradición gótica en la Península Ibérica entre los siglos XVII y XVIII. Inventario y catalogación (HAR2017-85523-P).</subfield>
  </datafield>
  <datafield tag="520" ind1=" " ind2=" ">
    <subfield code="a">Los integrantes de la «Red Temática de Investigación Cooperativa sobre Arte Tardogótico» abordan la realización del inventario y catalogación de los dibujos de arquitectura de tradición gótica realizados en la Península Ibérica a lo largo de los siglos xv y xvi, extendiendo la investigación en varias direcciones. En primer lugar, para contemplar otro tipo de dispositivos, como «patrones», «modelos» y «maquetas»; en segundo lugar, para incluir instrumentos realizados para otra clase de empresas artísticas —escultóricas y pictóricas, fundamentalmente—,y en última instancia, para ampliar el marco cronológico, y poder analizar así el fenómeno desde sus propios orígenes. De esta manera, el límite inferior se llevó a mediados del siglo xiii, mientras que el superior se mantuvo, a pesar de la artificialidad del corte, a finales del Quinientos. El cumplimiento de todos estos objetivos obligó a desarrollar una intensa labor investigadora, con un importante vaciado, tanto bibliográfico, como de diferentes fondos documentales y archivísticos, que ya dio lugar a la aparición de un primer volumen, con el inventario, catalogación y estudio de casi trescientas trazas, muestras y modelos realizados para la documentación, la presentación, la proyección, y la ejecución del Gótico hispánico y portugués entre 1250 y 1600.</subfield>
  </datafield>
  <datafield tag="856" ind1="0" ind2=" ">
    <subfield code="f">lplumed@unizar.es</subfield>
  </datafield>
  <datafield tag="856" ind1="4" ind2=" ">
    <subfield code="u">http://zaguan.unizar.es/record/165479/files/BOOK-2026-014.pdf</subfield>
    <subfield code="z">Texto completo</subfield>
    <subfield code="s">24472349</subfield>
  </datafield>
  <datafield tag="909" ind1="C" ind2="O">
    <subfield code="o">oai:zaguan.unizar.es:165479</subfield>
    <subfield code="p">books</subfield>
  </datafield>
  <datafield tag="980" ind1=" " ind2=" ">
    <subfield code="a">BOOK</subfield>
    <subfield code="b">PRENSASUZ</subfield>
  </datafield>
  <datafield tag="540" ind1=" " ind2=" ">
    <subfield code="9">info:eu-repo/semantics/openAccess</subfield>
  </datafield>
  <datafield tag="700" ind1=" " ind2=" ">
    <subfield code="a">Alonso Ruiz, Begoña... [et al.]</subfield>
  </datafield>
  <datafield tag="506" ind1=" " ind2=" ">
    <subfield code="a">by-nc</subfield>
  </datafield>
</record>
</collection>